Instituciones creadas en diversos países a favor de la infancia (Record no. 153190)

MARC details
000 -LEADER
campo de control de longitud fija 00886nam a2200181 i 4500
001 - NÚMERO DE CONTROL
campo de control 153190
003 - IDENTIFICADOR DE NÚMERO DE CONTROL
campo de control ES-MaACL
005 - FECHA Y HORA DE LA ÚLTIMA TRANSACCIÓN
campo de control 20230906205050.0
008 - DATOS DE LONGITUD FIJA--INFORMACIÓN GENERAL
campo de control de longitud fija 020926s1890 sp |||| | spa d
100 1# - ENTRADA PRINCIPAL--NOMBRE DE PERSONA
Nombre de persona Coll y Bofill, Juan.
9 (RLIN) 39636
245 10 - MENCIÓN DEL TÍTULO
Título Instituciones creadas en diversos países a favor de la infancia
Resto del título : dispensarios para niños enfermos : conferencia pública dada en el Ateneo Barcelonés en la noche del 30 de noviembre de 1889 /
Mención de responsabilidad, etc. por Juan Coll y Bofill.
260 ## - PUBLICACIÓN, DISTRIBUCIÓN, ETC.
Lugar de publicación, distribución, etc. Barcelona :
Nombre del editor, distribuidor, etc. [s.n.],
Fecha de publicación, distribución, etc. 1890 (
Fabricante Imp. Barcelonesa)
300 ## - DESCRIPCIÓN FÍSICA
Extensión 14 p. ;
Dimensiones 22 cm.
500 ## - NOTA GENERAL
Nota general Inserta en el "Diario de Barcelona", días 19, 20 y 21 de febrero de 1890.
650 ## - PUNTO DE ACCESO ADICIONAL DE MATERIA--TÉRMINO DE MATERIA
Término de materia o nombre geográfico como elemento de entrada Niños-
Subdivisión general Salud e higiene.
9 (RLIN) 15557
752 ## - ENTRADA AGREGADA--NOMBRE JERÁRQUICO DEL LUGAR
País o entidad superior España -
Ciudad Barcelona
852 ## - LOCALIZACIÓN
Ubicación ES-MaACL
Número de control de estantería T-528-F-3
Nota libre - Enc. hol., conservando enc. original
-- . - Dedicatoria autógrafa del autor
-- - Enc. en un vol. facticio
Holdings
Estatus retirado Estado de pérdida Estado de daño No para préstamo Colección Biblioteca de origen Biblioteca actual Ubicación en estantería Fecha de adquisición Total de préstamos Signatura topográfica completa Código de barras Visto por última vez Precio de reemplazo Tipo de ítem Koha
        Colección de folletos Biblioteca del Ateneo de Madrid Biblioteca del Ateneo de Madrid Depósito folletos 17/01/2008   T-528-F-3 1160064 23/02/2023 23/02/2023 Folleto